Statistics for Capitals of Caspian Sea Countries

Click here to take the quiz!

General Stats

  • This quiz has been taken 195 times
    (88 since last reset)
  • The average score is 5 of 5

Answer Stats

CountryCapital% Correct
AzerbaijanBaku
100%
RussiaMoscow
100%
IranTehran
99%
KazakhstanNur-Sultan
96%
TurkmenistanAshgabat
84%

Score Distribution

Percentile by Number Answered

Percent of People with Each Score

Your Score History

You have not taken this quiz since the last reset